000 00664nam a2200229Ia 4500
003 OSt
005 20221005133759.0
006 a|||||r|||| 00| 0
007 ta
008 221004b |||||||| |||| 00| 0 pan d
024 _a63087
037 _cTextual
040 _aCRL
_cCRL
_bpan
041 _2pan
_apan
082 _aO153,2NPAx, M2
100 _aਨਨਕਾਣਵੀ, ਪਾਂਧੀ
245 0 _aਪਕੀਆਂ ਸੜਕਾਂ ਵਾਲਾ Fਹਿਰ
260 _c1982
650 _aਪੰਜਾਬੀ ਸਾਹਿਤ
942 _hO153,2NPAx, M2
_cTEXL
_2cc
999 _c1067865
_d1067865